000 00258nam a2200121Ia 4500
100 _a#N/A
942 _cBK
245 _aa course in international communication - speaking accurately
260 _b#N/A
082 _b21536
546 _aENGLISH
999 _c18525
_d18525